000 01275naa a22003497a 4500
001 BR7804699
003 BR-BrBNA
005 20240918174135.0
007 ta
008 230509b bl.||||| |||| 00| 0 por d
040 _aBR-BrBNA
_bpor
_cBiblioteca Nacional de Agricultura
041 _a(Pt)
072 _aF00; F27
_b1930
_bG514
090 _aF00 BR7804699
100 1 _aCorrea, L. de A.
100 1 _aBrotel, M. de A.
111 1 _aEncontro sobre Pecuaria Leiteira
_cSao Carlos, SP (Brazil)
_d23 Apr 1978
245 1 _aAvaliacao do comportamento e produtividade de gramineas forrageiras de habito ereto na regiao de Sao Carlos [Capim coloniao; Panicum maximum; Sao Paulo; Brasil]
260 3 _aSao Carlos, SP (Brasil):
_c1978.
500 _aAnais do Encontro sobre Pecuaria Leiteira Sao Carlos, SP (Brasil): 1978. p. 4-5 (BR7804699-AM)F00
650 _aProducao vegetal
650 _aCultivo do solo
650 _aCapim coloniao
650 _aGraminea forrageira
650 _aConsorciacao de cultura
650 _aPastagem
650 _aSao Carlos
650 _aSao Paulo
773 0 _tAnais do Encontro sobre Pecuaria Leiteira
_wF00 BR7804699
_gSao Carlos, SP (Brasil), 1978. p. 4-5
909 _a202404
_bLucia
_c55
_dLucia Elande
942 _cAM
_2AGRIS
999 _c309164
_d309164